000 00309nam a2200121 a 4500
008 101213s1970|||| d
100 1 _aPáv, Jozef
245 1 0 _aZábavné formy práce s deťmi v knižnici
260 _bMatica slovenská
_aMartin
_c1970
020 _c14,50
041 _aslo
044 _axo
_cSK
999 _c15161
_d15161